ভারতচন্দ্রের অন্নদামঙ্গল / (Record no. 70592)
[ view plain ]
| 000 -LEADER | |
|---|---|
| fixed length control field | 01019nam a2200229 a 4500 |
| 001 - CONTROL NUMBER | |
| control field | 70592 |
| 003 - CONTROL NUMBER IDENTIFIER | |
| rucl marc code | BD-RjUL |
| 005 - DATE AND TIME OF LATEST TRANSACTION | |
| control field | 20211209082023.0 |
| 008 - FIXED-LENGTH DATA ELEMENTS--GENERAL INFORMATION | |
| fixed length control field | 170418m19941969ii ||||| |||| 00| 0 ben d |
| 035 ## - SYSTEM CONTROL NUMBER | |
| System control number | (BD-RjUL)70806 |
| 040 ## - CATALOGING SOURCE | |
| Original cataloging agency | BD-RjUL |
| Language of cataloging | eng |
| Transcribing agency | BD-RjUL |
| 041 ## - LANGUAGE CODE | |
| Language code of text/sound track or separate title | eng |
| 082 ## - DEWEY DECIMAL CLASSIFICATION NUMBER | |
| Edition number | 23 |
| Classification number | 891.44109 |
| Author mark and year | VAV 1994 |
| 100 ## - MAIN ENTRY--PERSONAL NAME | |
| Personal name | ভারতচন্দ্র |
| 9 (RLIN) | 118478 |
| 245 ## - TITLE STATEMENT | |
| Title | ভারতচন্দ্রের অন্নদামঙ্গল / |
| Statement of responsibility, etc. | ভারতচন্দ্র ; সম্পাদক কার্তিক ভদ্র |
| 260 ## - PUBLICATION, DISTRIBUTION, ETC. (IMPRINT) | |
| Place of publication, distribution, etc. | কলিকাতা : |
| Name of publisher, distributor, etc. | ব্যানার্জী এন্ড কো., |
| Date of publication, distribution, etc. | ১৯৬৯ [পুনর্মুদ্রণ ১৯৯৪] |
| 300 ## - PHYSICAL DESCRIPTION | |
| Pagination | [জ], ২২৪ পৃ. ; |
| Size | ১৮ সেমি. |
| 650 ## - SUBJECT ADDED ENTRY--TOPICAL TERM | |
| Topical term or geographic name as entry element | বাংলা কবিতা |
| General subdivision | ইতিহাস এবং সমালোচনা |
| 9 (RLIN) | 208950 |
| Topical term or geographic name as entry element | Bengali poetry |
| General subdivision | History and criticism. |
| 9 (RLIN) | 208951 |
| 700 ## - ADDED ENTRY--PERSONAL NAME | |
| Personal name | ভদ্র, কার্তিক |
| 942 ## - ADDED ENTRY ELEMENTS (KOHA) | |
| Source of classification or shelving scheme | Dewey Decimal Classification |
| Koha item type | Books |
| Lost status | Source of classification or shelving scheme | Damaged status | Not for loan | Collection code | Permanent Location | Current Location | Shelving location | Date acquired | Source of acquisition | Cost, normal purchase price | Total Checkouts | Full call number | Date last seen | Copy number | Koha item type |
|---|---|---|---|---|---|---|---|---|---|---|---|---|---|---|---|
| Dewey Decimal Classification | Not For Loan | Non-fiction | Central Library, University of Rajshahi | Central Library, University of Rajshahi | Reading Room | 30/01/1997 | Onkur Prokashoni.. | 30.00 | B 891.44109 VAV 1994 | 18/04/2017 | C-1 | Books |